Регионална библиотека "Любен Каравелов" - Русе

Имунологичният скрининг - основа на интегралната оценка на здравния статус на професионални контингенти, хронично експонирани с ниски дози йонизиращи лъчения (Запис номер 189796)

MARC детайли
000 -Лидер
Контролно поле с фиксирана дължина 02351nam a2200409 c 4500
003 - Код на организацията, давaща контролен номер
Контролно поле BLK
005 - Дата и час на последна редакция
Контролно поле 20180421000610.0
008 - Елементи от данни с фиксирана дължина
fixed length control field 180411b bul|||||r ||||||| ||bul||
010 ## - Наследен системен номер
LC control number KNG00198842000
020 ## - Международен стандартен номер на книга ISBN
Международен стандартен номер на книга ISBN 978-619-7196-17-7
-- издат.: Военномед. акад.
040 ## - Източник на каталожния запис
Идентификатор на билиотеката - собственик на записа BLK
041 ## - Код за език
Код за езика на текст/звукозапис или на отделно заглавие Български
Код за езика КДБФ Български
072 #7 - Код за тематичната категория
Код организация bullib
Код за тематична категория Н61
Текст Медицина Н
080 ## - УДК
Текстов определител УДК Диагностика чрез химичен анализ
УДК код - определител по УДК 616-074
УДК определител (062.2)
УДК - код + определител 616-074(062.2)
080 ## - УДК
Текстов определител УДК Физически фактори като професионални вредности. Общи въпроси - Вредно действие на налягане(атмосферно, механично), светлина, топлина, влага, климат, електричество, йонизираща радиация в произв
УДК код - определител по УДК 613.64
УДК определител (062.2)
УДК - код + определител 613.64(062.2)
100 1# - Редна дума - Автор
Автор Рангелов, Велко Ангелов
Авторска отговорност първи автор
R(LIN) 344955
139 ## - Редно поле
Редна дума Рангелов, Велко Ангелов и др.
Авторски знак Ранг - Р 35
245 10 - Сведения за заглавието
Заглавие Имунологичният скрининг - основа на интегралната оценка на здравния статус на професионални контингенти, хронично експонирани с ниски дози йонизиращи лъчения
Редно поле (дума) Велко Ангелов Рангелов; съавт. Румен Стойков Попов; съавт. Пламен Стефанов Петрунов.
257 ## - Страна на издаване
Страна на създаване/издаване България
260 ## - Област на издателските данни
-- София
Име на издателя, разпространителя и проч. Военномед. акад.
Година на издаване 2016
300 ## - Физическа характеристика
Страници 190 с.
Илюстрации и др. с табл., сх.
Размери/Мащаб 21 см
380 ## - Жанр
Жанр Медицина
500 ## - Общи забележки
Забележка Изд. на МО. - Библиогр. след отд. гл.
650 #4 - Допълнително описание по предмет – тема
Основно описание – тема или топоним Радиация - биологично действие
9 (RLIN) 279557
650 #4 - Допълнително описание по предмет – тема
Основно описание – тема или топоним Професионални болести
9 (RLIN) 271600
653 ## - Ключова дума – ненормативна
Ключова дума радиация
653 ## - Ключова дума – ненормативна
Ключова дума имунология
653 ## - Ключова дума – ненормативна
Ключова дума професионални болести
659 ## - Тематичен бюлетин
Тематичен бюлетин Н
700 1# - Други автори (авторска отговорност)
Лично име Попов, Румен Стойков
Автороска отговорност (Описва отношението между автора и произведението) съавт.
9 (RLIN) 344956
700 1# - Други автори (авторска отговорност)
Лично име Петрунов, Пламен Стефанов
Автороска отговорност (Описва отношението между автора и произведението) съавт.
9 (RLIN) 344957
852 ## - Местоположение
Форматна сигнатура Цб 283881
856 4# - Електронен адрес и достъп
Електронен формат pdf - файл
Път до файла /url/
856 4# - Електронен адрес и достъп
Електронен формат pdf - файл
Път до файла /url/
942 ## - АРТИКУЛИ
Вид на библиотечния материал Книги
Скрит в OPAC Не
944 ## - СЪЗДАВАНЕ И РЕДАКЦИЯ на ЗАПИСА
Създаване/Редакция Създаване
Дата на регистрацията/редакция 03.01.2017
Служител, извършил регистрацията/редакцията Виолета_Тройчева
944 ## - СЪЗДАВАНЕ И РЕДАКЦИЯ на ЗАПИСА
Създаване/Редакция Редакция
Дата на регистрацията/редакция 07.04.2017
Служител, извършил регистрацията/редакцията Виолета_Тройчева
999 ## - СИСТЕМНИ КОНТРОЛНИ НОМЕРА
Koha biblionumber 189796
Koha biblioitemnumber 189796
Наличности
Код за отписване Код за изгубен артикул Код за повреда Коз за рестрикции Код за отдаване Артикулен № Име на библиотеката - собственик Име на библиотеката, в която се намира в момента Статус (Текущо местоположение) Дата на вписване в системата Местоположение - отдел Цена в лева Инвентарен номер Систематично азбучна сигнатура Баркод Номер на екземпляра Цена в евро Служебна бележка Служебен тип на артикула
  Не е изгубен Не е повреден без рестрикции ползва се в читалня 334006 Регионална библиотека "Любен Каравелов" Русе Регионална библиотека "Любен Каравелов" Русе Хранилище 2017-01-05 Хранилище 12.00 120000807276 Цб 283881 120000807276 1 6.14 Дост: Dp Вид: Д N: 49 Дата: 21.11.2016 Книги
Vip Innovations Ltd, Rousse, Bulgaria 2025